000 00600nam a22001817a 4500
003 AUA.1
005 20251118183249.0
008 250708b |||||||| |||| 00| 0 eng d
040 _cJTL
100 _aVenance, Emmanuel
245 _aThe concept of holiness of the land in the books of Leviticus and Deuteronomy :
_bA comparative analysis /
_cEmmanuel Venance.
260 _cc2024.
300 _aviii, 100 leaves :
_bIllustrations :
_c30cm.
650 _aBible. Leviticus
650 _aBible. Deuteronomy
650 _aLand use in the Bible
942 _2aua
_cTHESIS
_hMABTS
_i.V46 2024
999 _c25162
_d25162